[Event "Rheinhausen-ch op 18th"]
[Site "Rheinhausen"]
[Date "2014.01.24"]
[Round "2"]
[White "Zahn, Richard"]
[Black "Vijayakumar, Prusoth"]
[Result "0-1"]
[WhiteElo "1971"]
[BlackElo "1830"]
[PlyCount "122"]
[EventDate "2014.01.10"]
[EventType "swiss"]
[EventRounds "7"]
[EventCountry "GER"]
[SourceTitle "EXT 2017"]
[Source "ChessBase"]
[SourceDate "2016.10.25"]
[SourceVersion "1"]
[SourceVersionDate "2016.10.25"]
[SourceQuality "1"]

1. f4 d6 2. Nf3 Nf6 3. d4 g6 4. c3 Bg7 5. e3 Nbd7 6. Bc4 0-0 7. Bxf7+ Rxf7 8. Ng5 Nb6 9. Nxf7 Kxf7 10. Nd2 Kg8 11. e4 Be6 12. 0-0 Qd7 13. Qe2 Rf8 14. b3 c5 15. Bb2 Bg4 16. Qe3 Qb5 17. c4 cxd4 18. Bxd4 Qc6 19. h3 Be6 20. Rac1 Nbd7 21. b4 a6 22. a3 Bh6 23. g4 Bg7 24. Rfe1 Rc8 25. f5 Bf7 26. g5 Ne8 27. h4 Ne5 28. c5 Qd7 29. cxd6 Nxd6 30. Rxc8+ Nxc8 31. Qc3 Na7 32. Bxe5 Bxe5 33. Qxe5 Qxd2 34. Rf1 Qe3+ 35. Kg2 Qe2+ 36. Rf2 Qg4+ 37. Qg3 Qxe4+ 38. Kh2 Nc6 39. fxg6 Bxg6 40. Qf4 Qxf4+ 41. Rxf4 Bd3 42. Rf3 Bb5 43. Re3 Kg7 44. Kh3 Bc4 45. Kg4 e5 46. Kf5 Bf7 47. a4 Bc4 48. h5 b5 49. axb5 Bxb5 50. Rc3 Ba4 51. Ke4 Kf8 52. h6 Kf7 53. Kf5 Bb5 54. g6+ hxg6+ 55. Kg5 e4 56. Rh3 Kg8 57. Kxg6 Ne7+ 58. Kf6 Nd5+ 59. Ke5 Nxb4 60. Kxe4 Kh7 61. Kf5 Bd7+ 0-1

[Event "Niederrhein-ch"]
[Site "Krefeld"]
[Date "2013.03.29"]
[Round "7"]
[White "Zahn, Richard"]
[Black "Westermann, Johannes"]
[Result "0-1"]
[WhiteElo "1961"]
[BlackElo "2171"]
[PlyCount "98"]
[EventDate "2013.03.23"]
[EventType "swiss"]
[EventRounds "7"]
[EventCountry "GER"]
[SourceTitle "EXT 2015"]
[Source "ChessBase"]
[SourceDate "2014.11.20"]
[SourceVersion "1"]
[SourceVersionDate "2014.11.20"]
[SourceQuality "1"]

1. f4 g6 2. Nf3 Bg7 3. e3 c5 4. d4 d6 5. c3 Nh6 6. dxc5 dxc5 7. Qxd8+ Kxd8 8. e4 Nc6 9. Be3 b6 10. h3 Kc7 11. Nbd2 f6 12. g4 Nf7 13. Be2 Bb7 14. Kf2 e6 15. h4 Nd6 16. h5 e5 17. h6 Bf8 18. g5 Be7 19. fxe5 Nxe5 20. Nxe5 fxe5 21. Rh4 Nf7 22. Nf3 Rhf8 23. Kg3 Rad8 24. Rd1 Rxd1 25. Bxd1 Rd8 26. Bc2 b5 27. a3 a5 28. Rh2 c4 29. Kf2 Kc6 30. Ke1 Bc5 31. Bxc5 Kxc5 32. Rd2 Rxd2 33. Kxd2 a4 34. Ke3 Bc8 35. Bd1 Kd6 36. Be2 Bg4 37. Nh2 Bxe2 38. Kxe2 Nxg5 39. Ke3 Ke6 40. Ng4 Nh3 41. Kf3 Nf4 42. Ne3 Nd3 43. Nd1 Kf6 44. Kg4 g5 45. Kh5 Nf4+ 46. Kg4 Kg6 47. Nf2 Nd3 48. Nh3 Nxb2 49. Nxg5 b4 0-1

[Event "Niederrhein-ch"]
[Site "Krefeld"]
[Date "2013.03.26"]
[Round "4"]
[White "Zahn, Richard"]
[Black "Guenaydin, Alperen"]
[Result "1-0"]
[WhiteElo "1961"]
[BlackElo "1607"]
[PlyCount "59"]
[EventDate "2013.03.23"]
[EventType "swiss"]
[EventRounds "7"]
[EventCountry "GER"]
[SourceTitle "EXT 2015"]
[Source "ChessBase"]
[SourceDate "2014.11.20"]
[SourceVersion "1"]
[SourceVersionDate "2014.11.20"]
[SourceQuality "1"]

1. f4 e5 2. fxe5 d6 3. exd6 Bxd6 4. Nf3 g5 5. g3 g4 6. Nh4 Ne7 7. d4 Ng6 8. Nxg6 hxg6 9. Qd3 Nc6 10. c3 Bf5 11. e4 Qe7 12. Bg2 0-0-0 13. 0-0 Ne5 14. Qc2 Rxh2 15. Kxh2 Nf3+ 16. Bxf3 Qh4+ 17. Kg1 Bxg3 18. exf5 Rh8 19. Bxb7+ Kb8 20. Rd1 Kxb7 21. Qg2+ Kb8 22. Rd3 Bf2+ 23. Kf1 Re8 24. Bd2 g3 25. Na3 gxf5 26. Be1 Qg4 27. Rf3 Rh8 28. Bxf2 Rh2 29. Qxg3 Rh1+ 30. Bg1 1-0

[Event "Niederrhein-ch "]
[Site "Krefeld"]
[Date "2012.04.05"]
[Round "6"]
[White "Ten Huf, Martin"]
[Black "Zahn, Richard"]
[Result "1/2-1/2"]
[WhiteElo "1907"]
[BlackElo "2028"]
[PlyCount "53"]
[EventDate "2012.03.31"]
[EventType "swiss"]
[EventRounds "7"]
[EventCountry "GER"]
[SourceTitle "EXT 2014"]
[Source "ChessBase"]
[SourceDate "2013.11.20"]
[SourceVersion "1"]
[SourceVersionDate "2013.11.20"]
[SourceQuality "1"]

1. e4 e6 2. d4 d5 3. e5 c5 4. c3 Qb6 5. Nf3 Bd7 6. Be2 cxd4 7. cxd4 Bb4+ 8. Nc3 Bb5 9. 0-0 Bxe2 10. Nxe2 Nc6 11. Qd3 Be7 12. Bg5 h6 13. Bxe7 Ngxe7 14. Ng3 g6 15. Rfc1 Nf5 16. Nxf5 gxf5 17. Rc3 Kd7 18. Rb3 Qc7 19. Qb5 Rab8 20. Rc1 Rhc8 21. Rbc3 Qb6 22. Qxb6 axb6 23. g3 Ra8 24. a3 Ra4 25. Kf1 b5 26. Rc5 Rc4 27. Rc3 1/2-1/2

[Event "Niederrhein-ch "]
[Site "Krefeld"]
[Date "2012.04.04"]
[Round "5"]
[White "Kappelt, Joerg"]
[Black "Zahn, Richard"]
[Result "1-0"]
[WhiteElo "2155"]
[BlackElo "2028"]
[PlyCount "119"]
[EventDate "2012.03.31"]
[EventType "swiss"]
[EventRounds "7"]
[EventCountry "GER"]
[SourceTitle "EXT 2014"]
[Source "ChessBase"]
[SourceDate "2013.11.20"]
[SourceVersion "1"]
[SourceVersionDate "2013.11.20"]
[SourceQuality "1"]

1. e4 e6 2. Nf3 d5 3. e5 c5 4. b4 b6 5. a3 Ne7 6. c3 Nd7 7. d4 c4 8. a4 Nf5 9. g3 Be7 10. h4 h5 11. Bh3 Nf8 12. Na3 a6 13. Nc2 Bd7 14. Bg5 Ng6 15. Ne3 Nxe3 16. Bxe3 f6 17. exf6 gxf6 18. Qc2 Kf7 19. a5 bxa5 20. Rxa5 Bd6 21. Qa2 Bb5 22. 0-0 Bc7 23. Ra3 Qd6 24. Re1 Rae8 25. Qe2 Bd7 26. Ra2 Bb5 27. Qc2 Bd8 28. Qd2 Bc7 29. Bf1 Reg8 30. Kh1 Rd8 31. Be2 Bb8 32. Rg1 Bc7 33. Rg2 Ne7 34. Bf4 Qd7 35. Bd1 Rdg8 36. Bc2 Ng6 37. Bxc7 Qxc7 38. Ra1 Ne7 39. Re1 Qd6 40. Ng1 Ra8 41. Nh3 Bd7 42. Rgg1 a5 43. bxa5 Rxa5 44. Bb1 Ra3 45. Re3 Rb3 46. Bc2 Rb6 47. Rge1 Qa3 48. Rf3 Kg7 49. Qf4 Rh6 50. Re5 Nf5 51. Bxf5 exf5 52. Rxd5 Qa7 53. Ng5 Rg6 54. Rxf5 Bxf5 55. Qxf5 fxg5 56. Qf8+ Kh7 57. Rf7+ Qxf7 58. Qxf7+ Kh6 59. hxg5+ Rxg5 60. Qxc4 1-0

[Event "Niederrhein-ch "]
[Site "Krefeld"]
[Date "2012.04.01"]
[Round "2"]
[White "Zahn, Richard"]
[Black "Thieme, Wolfgang"]
[Result "1-0"]
[WhiteElo "2028"]
[BlackElo "1797"]
[PlyCount "57"]
[EventDate "2012.03.31"]
[EventType "swiss"]
[EventRounds "7"]
[EventCountry "GER"]
[SourceTitle "EXT 2014"]
[Source "ChessBase"]
[SourceDate "2013.11.20"]
[SourceVersion "1"]
[SourceVersionDate "2013.11.20"]
[SourceQuality "1"]

1. e4 e6 2. d4 c5 3. d5 exd5 4. exd5 d6 5. Nf3 Nf6 6. c4 g6 7. Nc3 Bg7 8. Be2 0-0 9. 0-0 Re8 10. Re1 Bg4 11. h3 Bf5 12. Bd3 Rxe1+ 13. Nxe1 Bxd3 14. Qxd3 Nfd7 15. Nf3 Ne5 16. Nxe5 Bxe5 17. Be3 Nd7 18. Re1 Qh4 19. Re2 Nf6 20. Nd1 Ng4 21. Bd2 f5 22. Bc3 Bxc3 23. Qxc3 Ne5 24. b3 f4 25. f3 Re8 26. Nf2 Qd8 27. Ne4 Nf7 28. Nf6+ Qxf6 29. Rxe8+ 1-0

[Event "Recklinghaeuser op"]
[Site "Recklinghausen"]
[Date "2011.08.18"]
[Round "4"]
[White "Michalicek, Roland"]
[Black "Zahn, Richard"]
[Result "1-0"]
[WhiteElo "1937"]
[BlackElo "2073"]
[PlyCount "83"]
[EventDate "2011.08.15"]
[EventType "swiss"]
[EventRounds "7"]
[EventCountry "GER"]
[SourceTitle "CBM 144 Extra"]
[Source "ChessBase"]
[SourceDate "2011.10.28"]
[SourceVersion "1"]
[SourceVersionDate "2011.10.28"]
[SourceQuality "1"]

1. e4 e6 2. d4 d5 3. exd5 exd5 4. Bd3 Nc6 5. Nf3 Bg4 6. c3 Qd7 7. 0-0 Bd6 8. b4 a5 9. b5 Nce7 10. c4 dxc4 11. Bxc4 Qf5 12. Nbd2 Qh5 13. Qb3 a4 14. Qc3 Nf6 15. Re1 0-0 16. Ne5 Ned5 17. Qg3 Rae8 18. h3 Bc8 19. Ba3 Qh6 20. Ne4 Nxe4 21. Rxe4 Nb6 22. Bxf7+ Rxf7 23. Ng4 Bxg4 24. Rxe8+ Rf8 25. Rxf8+ Kxf8 26. Bxd6+ Qxd6 27. Qxd6+ cxd6 28. hxg4 Ke7 29. f3 Nc4 30. Kf2 d5 31. g5 Nd6 32. b6 h6 33. gxh6 gxh6 34. Rh1 Nf5 35. g4 Nxd4 36. Rxh6 Nb5 37. Rh7+ Kd6 38. Rxb7 Kc6 39. Ra7 Kxb6 40. Rxa4 Nc3 41. Ra8 d4 42. g5 1-0